00589nam a2200193Ia 4500008004100000020001500041082001600056100001700072245003000089250000700119260003700126300003100163500001900194600002700213650001500240942000700255952011800262999001500380240925s9999 xx 000 0 und d a8121924502 a621.381 MEH aMehta, V. K. 0aPrinciples of Electronics aNA aNew Delhi:bS Chand + coc,1980. axviii,846p.bNAfPhotocopy aIncludes Index aElectronic Engineering aTechnology cBK 001040708ELaUITUbUITUd2005-07-05eS.B.Bg370.00l0o621.381 MEHpQ6284r2024-09-25 07:14:10w2024-09-25yBK c8783d8783